000 00562nam a2200229Ia 4500
003 OSt
005 20220912153235.0
006 a|||||r|||| 00| 0
007 ta
008 220909b |||||||| |||| 00| 0 eng d
024 _a221
037 _cTextual
040 _aCSL
_beng
_cCSL
041 _aeng
082 _aBobc2:2, L5
100 _aKalandiya A.I
245 0 _aMathematical Methods Of Two-dimensional Elasticity
260 _c1975
300 _ap.
_ccm.
942 _hBobc2:2, L5
_cTEXL
_2CC
999 _c99621
_d99621